000 00541nam a2200181Ia 4500
008 151202s9999||||xx |||||||||||||| ||und||
082 _bPNVM-83718
100 _aकाळे व.पु.
245 _aवन फॉर द रोड.
260 _bमेहतापब्लिशिंग हाऊस.
260 _c2014
300 _a134
600 _aकाळे व.पु.
630 _aवन फॉर द रोड.
700 _aकाळे व.पु.
730 _aवन फॉर द रोड.
942 _cBOOK
999 _c1348574
_d1348571